| 000 | 00798nam a2200217 i 4500 | ||
|---|---|---|---|
| 001 | 56298 | ||
| 003 | ES-MaACL | ||
| 005 | 20250815104805.0 | ||
| 007 | t| | ||
| 008 | 031007s1983 sp ||||1| spa d | ||
| 245 | 0 | 0 |
_aDiccionario histórico de la ciencia moderna en España / _cJosé M. López Piñero ... [et al.]. |
| 260 |
_a[Barcelona] : _bPenínsula, _c[1983] |
||
| 300 |
_a2 v. ; _c20 cm. |
||
| 490 | 1 | _aSerie universitaria. Historia, Ciencia, Sociedad | |
| 650 | 4 |
_aCiencia- _zEspaña- _vHistoria- _vDiccionarios. _9170687 |
|
| 650 | 0 | 0 |
_aCientíficos- _xBiografías- _vDiccionarios. _911004 |
| 700 | 1 |
_aLópez Piñero, José María. _973895 |
|
| 830 | 0 | 0 |
_aSerie universitaria. _pHistoria, ciencia, sociedad _9182628 |
| 852 |
_aES-MaACL _jL-5383-4 _bR.105863 |
||
| 999 |
_c56298 _d56298 |
||